Watchmen Characters - Statistics

General Stats
  • This quiz has been taken 502 times
    500 since last reset
  • The average score is 5 of 6
Answer Stats
Answer % Correct
Daniel Dreiberg / Nite Owl II
93%
Edward Blake / The Comedian
90%
Jon Osterman / Dr. Manhattan
90%
Walter Kovacs / Rorschach
82%
Adrian Veidt / Ozymandias
75%
Laurie Juspeczyk / Silk Spectre II
75%
No matching quizzes found
Score Distribution
Percent of People with Each Score
Percentile by Number Answered
Your Score History
You have not taken this quiz since the last reset